Fernando de los Ríos : (Registro nro. 11519)

Detalles MARC
000 -LEADER
campo de control de longitud fija 01135nam a2200289 i 4500
001 - NÚMERO DE CONTROL
campo de control 11519
003 - IDENTIFICADOR DE NÚMERO DE CONTROL
campo de control ES-MaACL
005 - FECHA Y HORA DE LA ÚLTIMA TRANSACCIÓN
campo de control 20251013063040.0
007 - CAMPO FIJO DE DESCRIPCIÓN FÍSICA--INFORMACIÓN GENERAL
campo de control de longitud fija t|
008 - DATOS DE LONGITUD FIJA--INFORMACIÓN GENERAL
campo de control de longitud fija 960626s1993 sp ||||1| spa d
040 ## - FUENTE DE CATALOGACIÓN
Centro/agencia transcriptor ES-MaACL
080 ## - NÚMERO DE LA CLASIFICACIÓN DECIMAL UNIVERSAL
Número de la Clasificación Decimal Universal 929 Rios, Fernando de los
100 1# - ENTRADA PRINCIPAL--NOMBRE DE PERSONA
Nombre de persona Díaz, Elías
9 (RLIN) 44117
Término indicativo de función/relación Autor
245 10 - MENCIÓN DEL TÍTULO
Título Fernando de los Ríos :
Resto del título la vigencia del socialismo humanista /
Mención de responsabilidad, etc. [Elías Diaz].
260 ## - PUBLICACIÓN, DISTRIBUCIÓN, ETC.
Lugar de publicación, distribución, etc. Madrid :
Nombre del editor, distribuidor, etc. Fundación Españoles en el Mundo,
Fecha de publicación, distribución, etc. 1993.
300 ## - DESCRIPCIÓN FÍSICA
Extensión 32 páginas :
Otras características físicas ilustrado blanco y negro ;
Dimensiones 28 cm
490 1# - MENCIÓN DE SERIE
Mención de serie Cuadernos de la Fundación Españoles en el Mundo ;
Designación de volumen o secuencia 2
600 14 - PUNTO DE ACCESO ADICIONAL DE MATERIA--NOMBRE DE PERSONA
Nombre de persona Ríos, Fernando de los,
Fechas asociadas al nombre 1879-1949
9 (RLIN) 97398
650 #7 - PUNTO DE ACCESO ADICIONAL DE MATERIA--TÉRMINO DE MATERIA
Fuente del encabezamiento o término embne
9 (RLIN) 17147
Término de materia o nombre geográfico como elemento de entrada Socialismo
710 0# - ENTRADA AGREGADA--NOMBRE DE ENTIDAD CORPORATIVA
Nombre de entidad corporativa o nombre de jurisdicción como elemento de entrada Fundación Españoles en el Mundo
9 (RLIN) 4290
830 0# - PUNTO DE ACCESO ADICIONAL DE SERIE-TÍTULO UNIFORME
Título uniforme Cuadernos de la Fundación Españoles en el Mundo ;
Designación de volumen o secuencia 2
9 (RLIN) 179150
852 ## - LOCALIZACIÓN
Ubicación ES-MaACL
Número de control de estantería L-18935
Sublocalización o colección R.125135
itemnumber 11821
Ubicación en estantería Depósito 2
Donativo/Legado Donación: Editorial
Encuadernación Encuadernación rústica
942 ## - ELEMENTOS DE ENTRADA SECUNDARIOS (KOHA)
Tipo de ítem Koha Folleto
Suprimir en OPAC No
Existencias
Estatus retirado Estado de pérdida Estado de daño No para préstamo Biblioteca de origen Biblioteca actual Ubicación en estantería Fecha de adquisición Fuente de adquisición Total de préstamos Signatura topográfica completa Código de barras Visto por última vez Precio de reemplazo Tipo de ítem Koha
        Biblioteca del Ateneo de Madrid Biblioteca del Ateneo de Madrid Depósito 2 17/01/2008     L-18935 1011742 23/02/2023 23/02/2023 Libro impreso